| 000 | 01115nam a2200325 a 4500 | ||
|---|---|---|---|
| 001 | 22523 | ||
| 003 | SK-KTurca | ||
| 005 | 20260331145206.0 | ||
| 008 | 240318s2008 xo g 000 f slo | ||
| 015 | _aSNBA2009/02-00754 | ||
| 020 |
_a9788071361794 _q(brož.) |
||
| 035 | _aD98DC84A-646D-4C35-9084-93929E9796B4 | ||
| 035 | _aurn:nbn:sk:snk-amjf29 | ||
| 035 | _aurn:nbn:sk:snk-am0012y5 | ||
| 040 |
_aSNK _bslo _cSNK _eAACR2 |
||
| 041 | 1 |
_aslo _heng |
|
| 044 |
_axo _cSK |
||
| 072 | 7 |
_a821.111(73)-3 _xAmerická próza _2konspekt |
|
| 080 |
_a821.111(73)-31 _22001 |
||
| 100 | 1 |
_aBushnell, Candace, _d1958- _4aut |
|
| 240 | 1 | 0 |
_aSex and the city _lSlovensky |
| 245 | 1 | 0 |
_aSex v meste _bpredloha k populárnemu televíznemu seriálu : [exkluzívna slovenská verzia len pre čitateľky magazínu Eva] _cCandance Bushnellová ; [z anglického originálu] preložila Erica Orendi |
| 250 | _a1. vyd. | ||
| 260 |
_aBratislava _bColumbus _c2008 |
||
| 300 |
_a219 s. _c20 cm |
||
| 655 | 7 |
_aamerické romány _2SNKPH |
|
| 655 | 7 |
_aumelecká literatúra _2SNKPH |
|
| 942 |
_2ddc _cKLDO _n0 |
||
| 980 | _a821.111(73)-31 | ||
| 999 |
_c22523 _d22523 |
||